| 000 | 00338nam a22001457a 4500 | ||
|---|---|---|---|
| 003 | SGT | ||
| 020 | _a978-93-5129-248-7 | ||
| 082 |
_a610.734 _bC14B |
||
| 100 | _aBHALWAR, RAJVIR | ||
| 245 | _aTB. OF COMMUNITY MEDICINE | ||
| 260 |
_aINDIA _bWOLTERS KULWER _c2014 |
||
| 300 | _a758 | ||
| 650 | _aCOMMUNITY MEDICINE | ||
| 942 |
_2ddc _cBK _02 |
||
| 999 |
_c11100 _d11100 |
||